<?xml version="1.0" encoding="UTF-8"?>
<record
    xmlns:xsi="http://www.w3.org/2001/XMLSchema-instance"
    xsi:schemaLocation="http://www.loc.gov/MARC21/slim http://www.loc.gov/standards/marcxml/schema/MARC21slim.xsd"
    xmlns="http://www.loc.gov/MARC21/slim">

  <leader>00274nam a22001097a 4500</leader>
  <datafield tag="040" ind1=" " ind2=" ">
    <subfield code="c">hs</subfield>
  </datafield>
  <datafield tag="082" ind1=" " ind2=" ">
    <subfield code="a">338</subfield>
  </datafield>
  <datafield tag="100" ind1=" " ind2=" ">
    <subfield code="a">&#x17A0;&#x17C1;&#x1784;&#x200B; &#x1785;&#x17C6;&#x179A;&#x17BE;&#x1793;</subfield>
  </datafield>
  <datafield tag="245" ind1=" " ind2=" ">
    <subfield code="a">&#x179F;&#x17C1;&#x178A;&#x17D2;&#x178B;&#x1780;&#x17B7;&#x1785;&#x17D2;&#x1785;&#x179C;&#x17B7;&#x1791;&#x17D2;&#x1799;&#x17B6;</subfield>
  </datafield>
  <datafield tag="260" ind1=" " ind2=" ">
    <subfield code="a">RUA</subfield>
    <subfield code="b">&#x17A0;&#x17C1;&#x1784; &#x1785;&#x17C6;&#x179A;&#x17BE;&#x1793;</subfield>
    <subfield code="c">2011</subfield>
  </datafield>
  <datafield tag="942" ind1=" " ind2=" ">
    <subfield code="c">KB</subfield>
  </datafield>
  <datafield tag="999" ind1=" " ind2=" ">
    <subfield code="c">8408</subfield>
    <subfield code="d">8408</subfield>
  </datafield>
  <datafield tag="952" ind1=" " ind2=" ">
    <subfield code="0">0</subfield>
    <subfield code="1">0</subfield>
    <subfield code="4">0</subfield>
    <subfield code="6">338_000000000000000_&#x17A0;&#x17C1;&#x1784;_2011_C064</subfield>
    <subfield code="7">0</subfield>
    <subfield code="9">48155</subfield>
    <subfield code="a">LBC</subfield>
    <subfield code="b">LBC</subfield>
    <subfield code="c">C064</subfield>
    <subfield code="d">2016-07-26</subfield>
    <subfield code="o">338 &#x17A0;&#x17C1;&#x1784; 2011 C064</subfield>
    <subfield code="p">RUA037206</subfield>
    <subfield code="r">2016-07-26</subfield>
    <subfield code="y">KB</subfield>
  </datafield>
  <datafield tag="952" ind1=" " ind2=" ">
    <subfield code="0">0</subfield>
    <subfield code="1">0</subfield>
    <subfield code="4">0</subfield>
    <subfield code="6">338_000000000000000_&#x17A0;&#x17C1;&#x1784;_2011_C064</subfield>
    <subfield code="7">0</subfield>
    <subfield code="9">48156</subfield>
    <subfield code="a">LBC</subfield>
    <subfield code="b">LBC</subfield>
    <subfield code="c">C064</subfield>
    <subfield code="d">2016-07-26</subfield>
    <subfield code="o">338 &#x17A0;&#x17C1;&#x1784; 2011 C064</subfield>
    <subfield code="p">RUA037266</subfield>
    <subfield code="r">2016-07-26</subfield>
    <subfield code="y">KB</subfield>
  </datafield>
  <datafield tag="952" ind1=" " ind2=" ">
    <subfield code="0">0</subfield>
    <subfield code="1">0</subfield>
    <subfield code="4">0</subfield>
    <subfield code="6">338_000000000000000_&#x17A0;&#x17C1;&#x1784;_2011_C064</subfield>
    <subfield code="7">0</subfield>
    <subfield code="9">48157</subfield>
    <subfield code="a">LBC</subfield>
    <subfield code="b">LBC</subfield>
    <subfield code="c">C064</subfield>
    <subfield code="d">2016-07-26</subfield>
    <subfield code="o">338 &#x17A0;&#x17C1;&#x1784; 2011 C064</subfield>
    <subfield code="p">RUA035131</subfield>
    <subfield code="r">2016-07-26</subfield>
    <subfield code="y">KB</subfield>
  </datafield>
  <datafield tag="952" ind1=" " ind2=" ">
    <subfield code="0">0</subfield>
    <subfield code="1">0</subfield>
    <subfield code="4">0</subfield>
    <subfield code="6">338_000000000000000_&#x17A0;&#x17C1;&#x1784;_2011_C064</subfield>
    <subfield code="7">0</subfield>
    <subfield code="9">48158</subfield>
    <subfield code="a">LBC</subfield>
    <subfield code="b">LBC</subfield>
    <subfield code="c">C064</subfield>
    <subfield code="d">2016-07-26</subfield>
    <subfield code="o">338  &#x17A0;&#x17C1;&#x1784;  2011 C064</subfield>
    <subfield code="p">RUA035084</subfield>
    <subfield code="r">2016-07-26</subfield>
    <subfield code="y">KB</subfield>
  </datafield>
  <datafield tag="952" ind1=" " ind2=" ">
    <subfield code="0">0</subfield>
    <subfield code="1">0</subfield>
    <subfield code="4">0</subfield>
    <subfield code="6">338_000000000000000_&#x17A0;&#x17C1;&#x1784;_2011_C064</subfield>
    <subfield code="7">0</subfield>
    <subfield code="9">48159</subfield>
    <subfield code="a">LBC</subfield>
    <subfield code="b">LBC</subfield>
    <subfield code="c">C064</subfield>
    <subfield code="d">2016-07-26</subfield>
    <subfield code="o">338  &#x17A0;&#x17C1;&#x1784;  2011 C064</subfield>
    <subfield code="p">RUA036486</subfield>
    <subfield code="r">2016-07-26</subfield>
    <subfield code="y">KB</subfield>
  </datafield>
  <datafield tag="952" ind1=" " ind2=" ">
    <subfield code="0">0</subfield>
    <subfield code="1">0</subfield>
    <subfield code="4">0</subfield>
    <subfield code="6">338_000000000000000_&#x17A0;&#x17C1;&#x1784;_2011_C064</subfield>
    <subfield code="7">0</subfield>
    <subfield code="9">48160</subfield>
    <subfield code="a">LBC</subfield>
    <subfield code="b">LBC</subfield>
    <subfield code="c">C064</subfield>
    <subfield code="d">2016-07-26</subfield>
    <subfield code="o">338  &#x17A0;&#x17C1;&#x1784;  2011 C064</subfield>
    <subfield code="p">RUA036426</subfield>
    <subfield code="r">2016-07-26</subfield>
    <subfield code="y">KB</subfield>
  </datafield>
  <datafield tag="952" ind1=" " ind2=" ">
    <subfield code="0">0</subfield>
    <subfield code="1">0</subfield>
    <subfield code="4">0</subfield>
    <subfield code="6">338_000000000000000_&#x17A0;&#x17C1;&#x1784;_2011_C064</subfield>
    <subfield code="7">0</subfield>
    <subfield code="9">48161</subfield>
    <subfield code="a">LBC</subfield>
    <subfield code="b">LBC</subfield>
    <subfield code="c">C064</subfield>
    <subfield code="d">2016-07-26</subfield>
    <subfield code="o">338  &#x17A0;&#x17C1;&#x1784;  2011 C064</subfield>
    <subfield code="p">RUA035125</subfield>
    <subfield code="r">2016-07-26</subfield>
    <subfield code="y">KB</subfield>
  </datafield>
  <datafield tag="952" ind1=" " ind2=" ">
    <subfield code="0">0</subfield>
    <subfield code="1">0</subfield>
    <subfield code="4">0</subfield>
    <subfield code="6">338_000000000000000_&#x17A0;&#x17C1;&#x1784;_2011_C064</subfield>
    <subfield code="7">0</subfield>
    <subfield code="9">48162</subfield>
    <subfield code="a">LBC</subfield>
    <subfield code="b">LBC</subfield>
    <subfield code="c">C064</subfield>
    <subfield code="d">2016-07-26</subfield>
    <subfield code="o">338  &#x17A0;&#x17C1;&#x1784;  2011 C064</subfield>
    <subfield code="p">RUA036494</subfield>
    <subfield code="r">2016-07-26</subfield>
    <subfield code="y">KB</subfield>
  </datafield>
  <datafield tag="952" ind1=" " ind2=" ">
    <subfield code="0">0</subfield>
    <subfield code="1">0</subfield>
    <subfield code="4">0</subfield>
    <subfield code="6">338_000000000000000_&#x17A0;&#x17C1;&#x1784;_2011_C064</subfield>
    <subfield code="7">0</subfield>
    <subfield code="9">48163</subfield>
    <subfield code="a">LBC</subfield>
    <subfield code="b">LBC</subfield>
    <subfield code="c">C064</subfield>
    <subfield code="d">2016-07-26</subfield>
    <subfield code="o">338  &#x17A0;&#x17C1;&#x1784;  2011 C064</subfield>
    <subfield code="p">RUA037248</subfield>
    <subfield code="r">2016-07-26</subfield>
    <subfield code="y">KB</subfield>
  </datafield>
  <datafield tag="952" ind1=" " ind2=" ">
    <subfield code="0">0</subfield>
    <subfield code="1">0</subfield>
    <subfield code="4">0</subfield>
    <subfield code="6">338_000000000000000_&#x17A0;&#x17C1;&#x1784;_2011_C064</subfield>
    <subfield code="7">0</subfield>
    <subfield code="9">48164</subfield>
    <subfield code="a">LBC</subfield>
    <subfield code="b">LBC</subfield>
    <subfield code="c">C064</subfield>
    <subfield code="d">2016-07-26</subfield>
    <subfield code="o">338  &#x17A0;&#x17C1;&#x1784;  2011 C064</subfield>
    <subfield code="p">RUA034884</subfield>
    <subfield code="r">2016-07-26</subfield>
    <subfield code="y">KB</subfield>
  </datafield>
  <datafield tag="952" ind1=" " ind2=" ">
    <subfield code="0">0</subfield>
    <subfield code="1">0</subfield>
    <subfield code="4">0</subfield>
    <subfield code="6">338_000000000000000_&#x17A0;&#x17C1;&#x1784;_2011_C064</subfield>
    <subfield code="7">0</subfield>
    <subfield code="9">52933</subfield>
    <subfield code="a">LBC</subfield>
    <subfield code="b">LBC</subfield>
    <subfield code="c">C064</subfield>
    <subfield code="d">2016-10-06</subfield>
    <subfield code="o">338  &#x17A0;&#x17C1;&#x1784;  2011 C064</subfield>
    <subfield code="p">A01686</subfield>
    <subfield code="r">2016-10-06</subfield>
    <subfield code="w">2016-10-06</subfield>
    <subfield code="y">KB</subfield>
  </datafield>
</record>
